000 00494nam a2200181Ia 4500
005 20250508152737.0
008 008 250505s9999 xx 000 0 hin d
037 _aTextual
040 _aFEDL
_beng
_cFEDL
041 _ahin
_2eng
084 _a891.432, LAK
_qFEDL
100 _aLakshmi Narayan Lal
_9762270
245 0 _aNatak bahurangi
260 _aKashi, India
_bBhartiya Gyanpeeth
_c1961
300 _a288p
942 _cTEXL
_h891.432, LAK
999 _c1338448
_d1338448